Logo CIB grande

ION-MOLECULE REACTIONS IN THE GAS PHASE (Registro nro. 205652)

Detalles MARC
000 -LEADER
campo de control de longitud fija 00565nam a2200217Ia 4500
005 - FECHA Y HORA DE LA ÚLTIMA TRANSACCIÓN
campo de control 20250425161247.0
008 - DATOS DE LONGITUD FIJA--INFORMACIÓN GENERAL
campo de control de longitud fija 250425s9999 xx 000 0 und d
041 ## - CÓDIGO DE IDIOMA
Código de lengua del texto/banda sonora o título independiente eng
082 ## - NÚMERO DE LA CLASIFICACIÓN DECIMAL DEWEY
Número de clasificación 541.372
010 ## - NÚMERO DE CONTROL DE LA BIBLIOTECA DEL CONGRESO
Número de control de LC 16357
100 ## - ENTRADA PRINCIPAL--NOMBRE DE PERSONA
Nombre de persona AUSLOOS, PIERRE J
245 #0 - MENCIÓN DEL TÍTULO
Título ION-MOLECULE REACTIONS IN THE GAS PHASE
250 ## - MENCION DE EDICION
Mención de edición 1 TH ED.
260 ## - PUBLICACIÓN, DISTRIBUCIÓN, ETC.
Lugar de publicación, distribución, etc. Estados Unidos
Nombre del editor, distribuidor, etc. AMERICAN CHEMICAL SOCIETY
Fecha de publicación, distribución, etc. 1966
260 ## - PUBLICACIÓN, DISTRIBUCIÓN, ETC.
Lugar de publicación, distribución, etc. WASHINGTON
300 ## - DESCRIPCIÓN FÍSICA
Extensión 336
500 ## - NOTA GENERAL
Nota general ADVANCES IN CHEMISTRY SERIES NO. 58
650 ## - PUNTO DE ACCESO ADICIONAL DE MATERIA--TÉRMINO DE MATERIA
Término de materia o nombre geográfico como elemento de entrada FASE GASEOSA
650 ## - PUNTO DE ACCESO ADICIONAL DE MATERIA--TÉRMINO DE MATERIA
Término de materia o nombre geográfico como elemento de entrada MOLECULA DE IONES
942 ## - ELEMENTOS DE ENTRADA SECUNDARIOS (KOHA)
Tipo de ítem Koha Libros
Existencias
Estatus retirado Estado de pérdida Estado de daño No para préstamo Biblioteca de origen Biblioteca actual Fecha de adquisición Coste, precio normal de compra Total de préstamos Código de barras Copia número Tipo de ítem Koha
        CENTRO DE INFORMACIÓN BIBLIOTECARIA CENTRO DE INFORMACIÓN BIBLIOTECARIA 26/06/1998 0.01   8349 1 Libros

Copyright 2025 ESPOL. Todos los derechos reservados.